000 00977cam a2200241 4500
001 WB3648-11
008 000000n2000 000 0 eng u
035 _a(Sirsi) u109867
245 _aInternet map pinpoints flooding perils
260 _c2000
490 _aTimes
_v7 December 2000, 7(1)
520 _aThe Environment Agency has launched a new service on the Internet that will enable the public to check whether a potential home is prone to flooding. Users will be required to key in a postcode or town name, and flood plains will then emerge as blue tubes. See: www.environment-agency.gov.uk. For further information contact the local Environment Agency or tel: 0845 9881188.
590 _aWB
650 _aENVIRONMENT AGENCY
650 _aFLOODING
650 _aFLOOD RISK AREAS
650 _aFLOOD PLAINS
650 _aHOMEBUYERS
650 _aINTERNET
650 _aORDNANCE SURVEY MAPS
690 _aENVIRONMENTAL AND LAND CONSULTANCY
942 _n0
999 _c65546
_d65546